zpět

Detail výsledku týmu

Barcelounoc - Vinohrady, Praha

Datum a čas kvízu

38.5 Celkem bodů Celkový počet nahraných bodů na tomto kvízu bez doplňovacích otázek.
2. Pořadí na kvízu Konečné umístění týmu na tomto kvízu.

Zaznamenané odpovědi

# Otázka Odpověď Body Výsledky
1. Ústavní soud odmítl stížnost N... Bouzov 1
2. Minulý pátek proběhla ve více... Fridays for Future 0
3. Minulou sobotu začala v areálu... František Kupka 1
4. Minulý týden byla potvrzena fú... Česká pojišťovna, Pojišťovna Generali 1
5. Fotbalisté Slavie Praha si na... Peter Olayinka 1
6. V tomto tématu se podíváme na... B 1
5. CHKO Kokořínsko byla v roce 20... Karel Hynek Mácha 0
5. Oceňovaný minipivovar Matuška... Křivoklátsko 1
5. Součástí jedné z nejnavštěvova... Šumava 1
5. Jak se nazývá zřícenina gotick... Děvičky 1